000 01186 a2200181 4500
003 NUST
005 20221031171347.0
040 _cNust
082 _a510,DOL
100 _aDolcisni
_9102072
245 _aModern school mathematics algebra 1 /
_cMAry P. Dolciani, Willian Wooton etc.
260 _aCalifornia
_bCalifornia state series
_c1967
300 _a650 p.:
505 _aThe Basic Language of Algebra (Page-1), Addition and Multiplication of Real Numbers (Page-46), Solving Equations and Problems (Page-94), Order in the Set of Real Numbers (Page-144), Open Sentences in two Variables (Page-188), Systems of Open Sentences in two Variables (Page-222), Polynomials and their Factors (Page-266), Polynomials and Rational Expressions (Page-306), Rational Expressions in Open Sentences and Problems (Page-344), Functions and Their Graphs (Page-376), Irrational Numbers and Quadratic Equations (Page-418), Digital Computer Methods (Page-472), Systems of Equations in three Variables (Page-510), Trigonometry and Vectors (Page-544), Statistics and Probability (Page-586).
600 _aAndrew M. Gleson
_9102073
650 _amathematics algebra
_9102074
942 _2ddc
_cBK
_k510,DOL
999 _c179982
_d179982